MARC

LEADER 00000nam0a2200000 4500
001 357774
005 20231102011027.0
035 |a (RuTPU)RU\TPU\retro\15042 
090 |a 357774 
100 |a 20200810d1886 km y0rusy50 ca 
101 0 |a rus 
102 |a RU 
105 |a y z 000zy 
200 1 |a О связи между днями года и днями недели  |e сообщение  |f П. С. Порецкий 
210 |a Казань  |c Типография Императорского Казанского Университета  |d 1886 
215 |a 12 с. 
300 |a Текст в русской дореформенной орфографии 
316 |5 63413507: 2//254  |a На титульном листе дарственная надпись: «От С. А. Жбиковского в дар» 
316 |5 63413507: 2//254  |a На титульном листе дарственная надпись: «Антонию Ксаверьевичу Жбиковскому от автора» 
317 |5 63413507: 2//254  |a Поступил в НТБ в 1910 г. в дар от сына А. К. Жбиковского преподавателя ТТИ С. А. Жбиковского 
606 1 |a Математические вычисления  |2 stltpush  |3 (RuTPU)RU\TPU\subj\41226  |9 61033 
610 1 |a взаимосвязь 
610 1 |a математические формулы 
610 1 |a прямые задачи 
610 1 |a обратные задачи 
610 1 |a сообщения 
610 1 |a Коллекция А. К. Жбиковского 
610 1 |a дары библиотеке 
610 1 |a неопределенные данные 
610 1 |a дарственные надписи 
610 1 |a дары автора 
675 |a 519.6  |v 4 
700 1 |a Порецкий  |b П. С.  |c российский математик  |c профессор Казанского университета  |f 1846-1907  |g Платон Сергеевич  |2 stltpush  |3 (RuTPU)RU\TPU\pers\31347  |9 15519 
801 1 |a RU  |b 63413507  |c 20200810 
801 2 |a RU  |b 63413507  |c 20210630  |g RCR 
942 |c BK